Paroles Changer - Maître Gims - Statistiques

Statistiques générales
  • Ce quiz a été pris 157 fois
  • Le résultat moyen est 161 sur 221
Statistiques - réponses
Réponse % Correct
changer
94%
(changer)
94%
à
92%
ma
91%
je
90%
la
88%
me
88%
de
87%
que
87%
ce
86%
moi
86%
ces
85%
des
85%
dis
85%
te
85%
dans
84%
j'vais
83%
moments
83%
pas
83%
tout
83%
c'est
81%
mon
81%
nuit
81%
choses
80%
fois
80%
laisse
80%
mais
79%
m'aide
78%
ami
77%
j'comprends
77%
méditer
77%
par
77%
t'expliquer
77%
vie
77%
76%
du
76%
et
76%
j'fais
76%
au
75%
j'ai
75%
j'peux
75%
le
74%
peau
74%
visage
74%
inexpressif
72%
avenir
71%
m'en
71%
pardonne
71%
fin
70%
j'me
70%
mentir
70%
autre
69%
d'un
69%
rempli
69%
tristesse
69%
d'acteur
68%
jeu
68%
mes
68%
petit
68%
mettre
66%
entre
65%
fini
65%
l'acte
65%
voir
65%
kilomètres
64%
nombreuses
64%
qu'j'me
64%
parole
63%
un
63%
t'as
61%
assis
56%
compter
56%
couloir
56%
défauts
56%
noir
56%
occupé
56%
ou
56%
accroché
55%
sur
55%
fond
54%
trou
53%
d'espoir
52%
ont
52%
plaisirs
52%
désirs
51%
dessus
51%
d'famille
51%
d'souris
51%
pris
51%
ton
51%
préfère
48%
sourire
48%
détourner
47%
coeur
46%
dissocier
46%
l'ennemi
46%
jusqu'à
45%
l'ami
45%
tant
45%
atome
44%
envies
44%
détruit
43%
l'argent
43%
n'peux
43%
pis
43%
d'autrui
42%
n'veux
37%
ennuis
33%
empire
17%
d'leur
12%
Aucun quiz correspondant
Distribution des résultats
% des personnes avec chaque résultat
Percentile par nombre de réponses
Votre historique - résultats
Vous n’avez pas pris ce quiz